[Event "GER-ch49 V01 email"]
[Site "GER email"]
[Date "2017.04.03"]
[Round "?"]
[White "Kollowa, Kurt"]
[Black "Richter, Wolfgang"]
[Result "1/2-1/2"]
[WhiteElo "2188"]
[BlackElo "2147"]
[PlyCount "97"]
[EventDate "2017.??.??"]
[EventType "tourn (corr)"]
[EventRounds "10"]
[EventCountry "GER"]
[SourceTitle "Corr 2020"]
[Source "ChessBase"]
[SourceDate "2019.09.30"]
[SourceVersion "1"]
[SourceVersionDate "2019.09.30"]
[SourceQuality "1"]

1. d4 Nf6 2. c4 e6 3. Nc3 Bb4 4. Qc2 0-0 5. a3 Bxc3+ 6. Qxc3 b6 7. Bg5 Bb7 8. f3 d6 9. e4 c5 10. d5 Nbd7 11. Nh3 h6 12. Bf4 Qe7 13. 0-0-0 exd5 14. cxd5 a5 15. Bb5 Ba6 16. Bc6 Ra7 17. Rhe1 Rc8 18. g4 Ne8 19. e5 Qh4 20. Ng1 dxe5 21. Bxe5 Qg5+ 22. Rd2 b5 23. Bg3 b4 24. Qe3 Qd8 25. Qe7 Qb6 26. Bxd7 Nf6 27. Re6 fxe6 28. Qxe6+ Qxe6 29. Bxe6+ Kh7 30. Bxc8 Bxc8 31. d6 Rf7 32. Rd3 g5 33. h4 Kg6 34. Re3 gxh4 35. Bxh4 bxa3 36. bxa3 h5 37. Bxf6 Rxf6 38. gxh5+ Kxh5 39. Re5+ Kg6 40. Rxc5 Bd7 41. Rd5 Kf7 42. Kd2 Ke6 43. Rxa5 Kxd6 44. Ke3 Re6+ 45. Kf2 Re5 46. Rxe5 Kxe5 47. Ke3 Bf5 48. Ne2 Kd5 49. Kf4 1/2-1/2

[Event "GER-ch49 V01 email"]
[Site "GER email"]
[Date "2017.04.03"]
[Round "?"]
[White "Kutscheid, Hans Peter"]
[Black "Kollowa, Kurt"]
[Result "1/2-1/2"]
[WhiteElo "2337"]
[BlackElo "2188"]
[PlyCount "54"]
[EventDate "2017.??.??"]
[EventType "tourn (corr)"]
[EventRounds "10"]
[EventCountry "GER"]
[SourceTitle "Corr 2020"]
[Source "ChessBase"]
[SourceDate "2019.09.30"]
[SourceVersion "1"]
[SourceVersionDate "2019.09.30"]
[SourceQuality "1"]

1. d4 Nf6 2. c4 e6 3. g3 Bb4+ 4. Bd2 Be7 5. Bg2 d5 6. Nf3 c6 7. 0-0 0-0 8. Qc2 b6 9. Bf4 Bb7 10. Rd1 Nbd7 11. Ne5 Rc8 12. Nc3 Nh5 13. Bc1 f5 14. Qa4 Nxe5 15. dxe5 Qc7 16. Bf3 g6 17. Bh6 Ng7 18. Rac1 Qb8 19. e3 Rfe8 20. h4 a6 21. Qb3 b5 22. cxd5 cxd5 23. Bf4 Rc4 24. Ne2 Rec8 25. Qd3 h6 26. Bxh6 Qxe5 27. Qb1 Rxc1 1/2-1/2

[Event "GER-ch 2014-B-V1 serv"]
[Site "GER email"]
[Date "2014.??.??"]
[Round "?"]
[White "Klapp, Herwig"]
[Black "Kollowa, Kurt"]
[Result "1-0"]
[WhiteElo "2135"]
[BlackElo "1977"]
[PlyCount "99"]
[EventDate "2014.07.10"]
[EventType "tourn (corr)"]
[EventRounds "6"]
[EventCountry "GER"]
[SourceTitle "Corr 2015"]
[Source "ChessBase"]
[SourceDate "2015.07.17"]
[SourceVersion "1"]
[SourceVersionDate "2015.07.17"]
[SourceQuality "1"]

1. e4 c5 2. Nf3 Nc6 3. d4 cxd4 4. Nxd4 Nf6 5. Nc3 e5 6. Ndb5 d6 7. Bg5 a6 8. Na3 b5 9. Nd5 Be7 10. Bxf6 Bxf6 11. c3 0-0 12. Nc2 Rb8 13. Be2 a5 14. 0-0 b4 15. cxb4 axb4 16. Qe1 Bg5 17. Ncxb4 Nxb4 18. Nxb4 Qb6 19. a3 Be6 20. Qd1 g6 21. Qd3 Rfc8 22. Rfd1 Bc4 23. Qf3 Be6 24. Qg3 Bf4 25. Qd3 Bc4 26. Qf3 Be6 27. g3 Bg5 28. h4 Bh6 29. b3 Bf8 30. Kg2 h5 31. Rac1 Qa5 32. Bc4 Bxc4 33. bxc4 Qa7 34. Rc3 Kg7 35. g4 hxg4 36. Qxg4 Qe7 37. c5 Qe6 38. Qxe6 fxe6 39. Rg3 dxc5 40. Rd7+ Kh6 41. Nc2 Rd8 42. Rf7 Bg7 43. h5 g5 44. Ne3 Rg8 45. Rh3 Rgf8 46. Ng4+ Kh7 47. Re7 Rf4 48. Nxe5 Kg8 49. Ng6 Rg4+ 50. Kh2 1-0

[Event "GER-ch 2013-D-V1 serv"]
[Site "GER email"]
[Date "2013.??.??"]
[Round "?"]
[White "Kollowa, Kurt"]
[Black "Gebhardt, Ulrich"]
[Result "0-1"]
[WhiteElo "1977"]
[BlackElo "2025"]
[PlyCount "94"]
[EventDate "2013.10.20"]
[EventType "tourn (corr)"]
[EventRounds "6"]
[EventCountry "GER"]
[SourceTitle "Corr 2015"]
[Source "ChessBase"]
[SourceDate "2015.07.17"]
[SourceVersion "1"]
[SourceVersionDate "2015.07.17"]
[SourceQuality "1"]

1. d4 Nf6 2. c4 e6 3. Nc3 Bb4 4. Qc2 0-0 5. e4 d6 6. a3 Bxc3+ 7. bxc3 b6 8. Bd3 e5 9. Ne2 Nc6 10. 0-0 h6 11. Be3 Ba6 12. Ng3 Ng4 13. Nf5 Nxe3 14. fxe3 Kh7 15. Qe2 g6 16. Ng3 Bc8 17. Rf2 Qg5 18. Re1 h5 19. Nf1 h4 20. Nd2 h3 21. Nf3 Qh6 22. c5 bxc5 23. dxc5 Rb8 24. Rd1 Na5 25. Bc2 Nb7 26. cxd6 cxd6 27. Qa6 Qxe3 28. Rd3 Qc5 29. Rd5 Qxc3 30. Qxa7 Bd7 31. Rd3 Qc6 32. Rb3 Qc8 33. gxh3 Kg7 34. Qe3 Rh8 35. Rc3 Qe8 36. h4 Nc5 37. Rc4 Qe7 38. Rd2 Ne6 39. Bd1 Nf4 40. Rc7 Rb1 41. Kf2 Rc8 42. Qc3 Nh3+ 43. Ke3 Bg4 44. Rxc8 Bxc8 45. Kd3 Ba6+ 46. Kc2 Rb8 47. Nxe5 dxe5 0-1

[Event "GER-ch 2013-D-V1 serv"]
[Site "GER email"]
[Date "2013.??.??"]
[Round "?"]
[White "Kollowa, Kurt"]
[Black "Reimann, Manfred"]
[Result "1-0"]
[WhiteElo "1977"]
[BlackElo "1563"]
[PlyCount "55"]
[EventDate "2013.10.20"]
[EventType "tourn (corr)"]
[EventRounds "6"]
[EventCountry "GER"]
[SourceTitle "Corr 2015"]
[Source "ChessBase"]
[SourceDate "2015.07.17"]
[SourceVersion "1"]
[SourceVersionDate "2015.07.17"]
[SourceQuality "1"]

1. d4 g6 2. c4 Bg7 3. Nc3 Nf6 4. e4 d6 5. a3 0-0 6. Be3 Nbd7 7. Qd2 b6 8. g4 Bb7 9. Nge2 e6 10. 0-0-0 a5 11. Kb1 c5 12. h4 h5 13. g5 Ne8 14. f4 Nc7 15. Bg2 Ne8 16. d5 Nb8 17. dxe6 fxe6 18. f5 Be5 19. fxg6 Nc6 20. Nf4 Ne7 21. Nxh5 Qc8 22. Nf6+ Bxf6 23. gxf6 Rxf6 24. h5 d5 25. exd5 exd5 26. Nxd5 Nxd5 27. Bxd5+ Kh8 28. Bd4 1-0

[Event "GER-ch 2012-E-V2 serv"]
[Site "GER email"]
[Date "2013.??.??"]
[Round "?"]
[White "Kollowa, Kurt"]
[Black "Schulz, Guenter"]
[Result "1/2-1/2"]
[WhiteElo "2212"]
[BlackElo "2162"]
[PlyCount "99"]
[EventDate "2012.10.08"]
[EventType "tourn (corr)"]
[EventRounds "6"]
[EventCountry "GER"]
[SourceTitle "Corr 2015"]
[Source "ChessBase"]
[SourceDate "2015.07.17"]
[SourceVersion "1"]
[SourceVersionDate "2015.07.17"]
[SourceQuality "1"]

1. d4 Nf6 2. c4 e6 3. Nc3 Bb4 4. Qc2 c5 5. dxc5 Bxc5 6. a3 Nc6 7. b4 Be7 8. Nf3 d6 9. e4 0-0 10. Be2 a5 11. b5 Nb8 12. 0-0 Nbd7 13. Be3 Ng4 14. Bf4 Qc7 15. h3 Nge5 16. Nxe5 dxe5 17. Be3 b6 18. Na4 Nc5 19. Nxc5 Bxc5 20. Bxc5 Qxc5 21. Rfd1 Bb7 22. Rd7 Bc8 23. Rd2 Bb7 24. Qd3 Rab8 25. Rc1 h6 26. Qd6 Rfd8 27. Qxc5 bxc5 28. Rxd8+ Rxd8 29. Rd1 Rxd1+ 30. Bxd1 Kf8 31. Bc2 Ke7 32. Kf1 Kd6 33. Ke2 g6 34. Ke3 Bc8 35. Bd1 Kc7 36. h4 f6 37. g3 Kd6 38. Be2 f5 39. Bf3 g5 40. hxg5 hxg5 41. Bh5 Bb7 42. f3 Ke7 43. a4 Bc8 44. Ke2 Bb7 45. Kd3 Kf6 46. Ke3 Ke7 47. Kf2 Kf6 48. Be8 Ke7 49. Bg6 Kf6 50. Bh5 1/2-1/2

[Event "GER-ch 2013-A-V1 serv"]
[Site "GER email"]
[Date "2013.??.??"]
[Round "?"]
[White "Preusse, Goetz"]
[Black "Kollowa, Kurt"]
[Result "1-0"]
[WhiteElo "1944"]
[BlackElo "2002"]
[PlyCount "97"]
[EventDate "2013.02.25"]
[EventType "tourn (corr)"]
[EventRounds "6"]
[EventCountry "GER"]
[SourceTitle "Corr 2015"]
[Source "ChessBase"]
[SourceDate "2015.07.17"]
[SourceVersion "1"]
[SourceVersionDate "2015.07.17"]
[SourceQuality "1"]

1. d4 Nf6 2. c4 e6 3. Nc3 Bb4 4. e3 c5 5. Nf3 Nc6 6. Bd3 Bxc3+ 7. bxc3 d6 8. 0-0 e5 9. d5 Ne7 10. Qc2 0-0 11. Nd2 g6 12. h3 h6 13. a4 Kg7 14. a5 Bd7 15. Bb2 Nh7 16. f4 exf4 17. Rxf4 f5 18. a6 Rb8 19. axb7 Rxb7 20. Bc1 a5 21. e4 Nf6 22. Rf1 Re8 23. Re1 a4 24. exf5 Nxf5 25. Nf3 Rxe1+ 26. Nxe1 Qe7 27. Bd2 Rb8 28. Nf3 Re8 29. Bxf5 gxf5 30. Qc1 h5 31. Bg5 Qf7 32. Bf4 Ne4 33. Rb1 Qf6 34. Rb7 Re7 35. Kh2 Bc8 36. Rb8 Ba6 37. Bh6+ Kh7 38. Qf4 Rf7 39. Re8 Qg6 40. Bg5 a3 41. Re6 a2 42. Rxg6 Kxg6 43. Nh4+ Kg7 44. Nxf5+ Rxf5 45. Qxf5 a1Q 46. Qxe4 Qxc3 47. Qe7+ Kg6 48. Qxd6+ Kxg5 49. h4+ 1-0

[Event "GER M-467 D email"]
[Site "GER email"]
[Date "2012.??.??"]
[Round "?"]
[White "Kollowa, Kurt"]
[Black "Giering, Guido"]
[Result "1/2-1/2"]
[WhiteElo "2216"]
[BlackElo "2029"]
[PlyCount "76"]
[EventDate "2011.??.??"]
[EventType "tourn (corr)"]
[EventRounds "1"]
[EventCountry "GER"]
[SourceTitle "Corr 2015"]
[Source "ChessBase"]
[SourceDate "2015.07.17"]
[SourceVersion "1"]
[SourceVersionDate "2015.07.17"]
[SourceQuality "1"]

1. d4 Nf6 2. c4 e6 3. Nc3 Bb4 4. Qc2 0-0 5. a3 Bxc3+ 6. Qxc3 b6 7. g3 Bb7 8. Nf3 d5 9. cxd5 Bxd5 10. Bg2 Nc6 11. Be3 Ne4 12. Qd3 Rc8 13. Rc1 f6 14. 0-0 Qd7 15. Bf4 Ne7 16. Nh4 Nd6 17. e4 Bb7 18. Qe2 Nb5 19. Be3 Nd6 20. Bd2 Nb5 21. Be3 Nd6 22. Bd2 f5 23. e5 Bxg2 24. Nxg2 Nb5 25. Be3 Nxd4 26. Bxd4 Qxd4 27. Rfd1 Qe4 28. Qxe4 fxe4 29. Nf4 Kf7 30. Rd7 Rfd8 31. Rxd8 Rxd8 32. Rxc7 Rd1+ 33. Kg2 Rd2 34. Kf1 a5 35. Ne2 h6 36. Rb7 Rd1+ 37. Kg2 Rd2 38. Kf1 Rd1+ 1/2-1/2

[Event "GER-ch58 final email"]
[Site "GER email"]
[Date "2012.??.??"]
[Round "?"]
[White "Wolfenter, Friedrich"]
[Black "Kollowa, Kurt"]
[Result "1-0"]
[WhiteElo "2509"]
[BlackElo "2216"]
[PlyCount "89"]
[EventDate "2012.??.??"]
[EventType "tourn (corr)"]
[EventRounds "9"]
[EventCountry "GER"]
[SourceTitle "Corr 2015"]
[Source "ChessBase"]
[SourceDate "2015.07.17"]
[SourceVersion "1"]
[SourceVersionDate "2015.07.17"]
[SourceQuality "1"]

1. c4 e5 2. g3 Nf6 3. Bg2 d5 4. cxd5 Nxd5 5. Nc3 Nb6 6. Nf3 Nc6 7. 0-0 Be7 8. d3 Be6 9. Be3 Nd5 10. d4 exd4 11. Bxd4 0-0 12. Nxd5 Bxd5 13. Bc3 Bb4 14. Bxb4 Nxb4 15. a3 Nc6 16. Rc1 Re8 17. e3 a6 18. Rc3 Be4 19. Nd2 Bxg2 20. Kxg2 Qd5+ 21. Nf3 Qe4 22. Qb1 Qe7 23. Rfc1 Red8 24. Rc5 Rd7 25. b4 g6 26. h4 Nd8 27. h5 Ne6 28. hxg6 hxg6 29. R5c4 Qf6 30. Rh4 Rad8 31. Rch1 Rd5 32. e4 Rd3 33. Rh8+ Qxh8 34. Rxh8+ Kxh8 35. Qb2+ Kg8 36. Qf6 R8d6 37. Ne5 Nd8 38. Qe7 R3d4 39. Qxc7 b5 40. Nf3 Rd1 41. Ng5 Kf8 42. e5 Rc6 43. Qa7 Rd5 44. e6 Rxg5 45. Qd7 1-0

[Event "GER M-464 D email"]
[Site "GER email"]
[Date "2011.07.11"]
[Round "?"]
[White "Preusse, Goetz"]
[Black "Kollowa, Kurt"]
[Result "1/2-1/2"]
[WhiteElo "2018"]
[BlackElo "1986"]
[PlyCount "51"]
[EventDate "2011.??.??"]
[EventType "tourn (corr)"]
[EventRounds "1"]
[EventCountry "GER"]
[SourceTitle "Corr 2015"]
[Source "ChessBase"]
[SourceDate "2015.07.17"]
[SourceVersion "1"]
[SourceVersionDate "2015.07.17"]
[SourceQuality "1"]

1. d4 Nf6 2. c4 e6 3. Nc3 Bb4 4. Qc2 c5 5. dxc5 0-0 6. a3 Bxc5 7. Nf3 Be7 8. e4 d6 9. Be2 b6 10. 0-0 Bb7 11. Rd1 Nbd7 12. e5 dxe5 13. Nxe5 Qc7 14. Nxd7 Nxd7 15. Nb5 Qc6 16. Bf3 Qc8 17. Bxb7 Qxb7 18. h3 Rfd8 19. Bf4 Nf6 20. Bd6 a6 21. Bxe7 Qxe7 22. Nc3 Qc7 23. Rxd8+ Rxd8 24. Rd1 h6 25. Rxd8+ Qxd8 26. Kf1 1/2-1/2

[Event "Niedersachsen-ch Seniors op 14th"]
[Site "Bad Bevensen"]
[Date "2011.07.07"]
[Round "3"]
[White "Micheel, Peter"]
[Black "Kollowa, Kurt"]
[Result "1-0"]
[WhiteElo "1771"]
[BlackElo "1879"]
[PlyCount "43"]
[EventDate "2011.07.05"]
[EventType "swiss"]
[EventRounds "9"]
[EventCountry "GER"]
[SourceTitle "EXT 2012"]
[Source "ChessBase"]
[SourceDate "2011.11.24"]
[SourceVersion "1"]
[SourceVersionDate "2011.11.24"]
[SourceQuality "1"]

1. e4 c5 2. Nf3 Nc6 3. c3 Nf6 4. e5 Nd5 5. Bc4 Nc7 6. d4 cxd4 7. cxd4 d5 8. Bd3 Bg4 9. Nbd2 Nxd4 10. Qa4+ Bd7 11. Qxd4 Bc6 12. 0-0 Ne6 13. Qh4 g6 14. Nd4 Nc5 15. Nxc6 bxc6 16. Bc2 Bg7 17. Nf3 h5 18. Nd4 Qd7 19. f4 Ne6 20. Be3 Nf8 21. Ba4 Rc8 22. Rac1 1-0

[Event "GER-ch Seniors 22nd"]
[Site "Berlin"]
[Date "2010.08.23"]
[Round "8"]
[White "Gruzmann, Boris"]
[Black "Kollowa, Kurt"]
[Result "1-0"]
[WhiteElo "2248"]
[BlackElo "1894"]
[PlyCount "65"]
[EventDate "2010.08.16"]
[EventType "swiss"]
[EventRounds "9"]
[EventCountry "GER"]
[SourceTitle "CBM 138 Extra"]
[Source "ChessBase"]
[SourceDate "2010.10.29"]
[SourceVersion "1"]
[SourceVersionDate "2010.10.29"]
[SourceQuality "1"]

1. e4 c5 2. Nf3 Nc6 3. d4 cxd4 4. Nxd4 Nf6 5. Nc3 e5 6. Ndb5 d6 7. Nd5 Nxd5 8. exd5 Nb8 9. c4 a6 10. Nc3 Be7 11. Be2 0-0 12. 0-0 f5 13. f4 Qb6+ 14. Kh1 Nd7 15. Qc2 Nf6 16. Bd2 Bd7 17. b4 a5 18. c5 Qxb4 19. c6 bxc6 20. dxc6 Bxc6 21. Nd5 Bxd5 22. Bxb4 axb4 23. Bc4 Kh8 24. Bxd5 Nxd5 25. Qb3 Nxf4 26. g3 Ne2 27. Qe6 Bf6 28. Qxf5 Nd4 29. Qe4 b3 30. axb3 Rab8 31. Ra6 h6 32. Rxd6 Rxb3 33. Rfxf6 1-0

[Event "GER-ch Seniors 22nd"]
[Site "Berlin"]
[Date "2010.08.19"]
[Round "4"]
[White "Kraemer, Franz Josef"]
[Black "Kollowa, Kurt"]
[Result "0-1"]
[WhiteElo "1687"]
[BlackElo "1894"]
[PlyCount "84"]
[EventDate "2010.08.16"]
[EventType "swiss"]
[EventRounds "9"]
[EventCountry "GER"]
[SourceTitle "CBM 138 Extra"]
[Source "ChessBase"]
[SourceDate "2010.10.29"]
[SourceVersion "1"]
[SourceVersionDate "2010.10.29"]
[SourceQuality "1"]

1. e4 c5 2. Nf3 Nc6 3. c3 e6 4. d4 d5 5. exd5 exd5 6. Bb5 Qb6 7. Qe2+ Be6 8. Ne5 Be7 9. Bf4 Nf6 10. 0-0 0-0 11. dxc5 Bxc5 12. b4 Be7 13. Be3 Qc7 14. Nd3 Rfe8 15. Bf4 Bd6 16. Bxd6 Qxd6 17. f3 Re7 18. Nd2 Bf5 19. Qf2 a6 20. g4 Bg6 21. g5 Nd7 22. Bxc6 bxc6 23. Qd4 Re2 24. Rf2 Bxd3 25. Rxe2 Bxe2 26. Ne4 Qe5 27. Re1 Qxd4+ 28. cxd4 dxe4 29. Rxe2 exf3 30. Re3 Kf8 31. Kf2 Re8 32. Rxf3 Re4 33. Rd3 Nb6 34. Kf3 Re7 35. Rc3 Rc7 36. Rc2 Nd5 37. a3 Ke7 38. Ke4 Kd6 39. Kd3 Re7 40. Rf2 f6 41. gxf6 gxf6 42. Kc4 Re3 0-1

[Event "GER-ch Seniors 22nd"]
[Site "Berlin"]
[Date "2010.08.17"]
[Round "2"]
[White "Kollowa, Kurt"]
[Black "Krueger, Erich"]
[Result "0-1"]
[WhiteElo "1894"]
[BlackElo "2131"]
[PlyCount "58"]
[EventDate "2010.08.16"]
[EventType "swiss"]
[EventRounds "9"]
[EventCountry "GER"]
[SourceTitle "CBM 138 Extra"]
[Source "ChessBase"]
[SourceDate "2010.10.29"]
[SourceVersion "1"]
[SourceVersionDate "2010.10.29"]
[SourceQuality "1"]

1. d4 Nf6 2. c4 g6 3. Nc3 Bg7 4. e4 d6 5. f3 0-0 6. Be3 Nc6 7. Nge2 a6 8. Qd2 Rb8 9. a4 Re8 10. g4 e5 11. d5 Nb4 12. Ng3 Nd7 13. h4 Nc5 14. Ra3 Rf8 15. h5 f5 16. gxf5 gxf5 17. exf5 Bxf5 18. Nce4 Bxe4 19. fxe4 a5 20. Bxc5 dxc5 21. Nf5 Rxf5 22. exf5 e4 23. Qg2 Kh8 24. h6 Bd4 25. Rg3 Qd7 26. b3 Qxf5 27. Be2 e3 28. Bd1 Nd3+ 29. Ke2 Nf4+ 0-1

[Event "GER-ch41 V01 Post"]
[Site "GER email"]
[Date "2010.??.??"]
[Round "?"]
[White "Kollowa, Kurt"]
[Black "Adelseck, Herbert"]
[Result "0-1"]
[WhiteElo "1998"]
[BlackElo "2264"]
[PlyCount "82"]
[EventDate "2010.??.??"]
[EventType "tourn (corr)"]
[EventRounds "12"]
[EventCountry "GER"]
[SourceTitle "Corr 2015"]
[Source "ChessBase"]
[SourceDate "2015.07.17"]
[SourceVersion "1"]
[SourceVersionDate "2015.07.17"]
[SourceQuality "1"]

1. d4 Nf6 2. c4 e6 3. Nc3 Bb4 4. Qc2 0-0 5. e4 d6 6. a3 Bxc3+ 7. bxc3 e5 8. Bd3 Nc6 9. Ne2 b6 10. 0-0 Ba6 11. f4 Nd7 12. Be3 Na5 13. c5 Bxd3 14. Qxd3 exd4 15. cxd4 dxc5 16. d5 Qe7 17. Ng3 c4 18. Qc3 f6 19. Rae1 g6 20. f5 Ne5 21. fxg6 hxg6 22. Bh6 Rf7 23. Bf4 Re8 24. Rd1 Nd3 25. Rf3 Nxf4 26. Rxf4 Qe5 27. Qf3 Nb3 28. Qg4 Rg7 29. d6 cxd6 30. Rd5 Qe7 31. Qe2 Rc8 32. Qd1 Nc5 33. Rxd6 Nd3 34. Rfxf6 Rd8 35. Rxd8+ Qxd8 36. Qa1 Rf7 37. Rxg6+ Kh7 38. Rc6 Ne5 39. Re6 c3 40. Nf5 c2 41. Nd6 Qg5 0-1

[Event "GER-ch60 V02 email"]
[Site "GER email"]
[Date "2010.??.??"]
[Round "?"]
[White "Kollowa, Kurt"]
[Black "Klapp, Herwig"]
[Result "1/2-1/2"]
[WhiteElo "1957"]
[BlackElo "2300"]
[PlyCount "63"]
[EventDate "2011.??.??"]
[EventType "tourn (corr)"]
[EventRounds "6"]
[EventCountry "GER"]
[SourceTitle "Corr 2015"]
[Source "ChessBase"]
[SourceDate "2015.07.17"]
[SourceVersion "1"]
[SourceVersionDate "2015.07.17"]
[SourceQuality "1"]

1. d4 Nf6 2. c4 e6 3. Nc3 Bb4 4. Qc2 c5 5. dxc5 Nc6 6. Nf3 Bxc5 7. Bg5 b6 8. e3 h6 9. Bh4 Bb7 10. Be2 Be7 11. Rd1 Rc8 12. 0-0 a6 13. Rd2 Na5 14. Ne5 Qc7 15. Bxf6 gxf6 16. Nxd7 Rd8 17. Rfd1 Bc8 18. b4 Nc6 19. b5 Rxd7 20. bxc6 Rxd2 21. Qxd2 Qxc6 22. Rb1 Rg8 23. e4 Rg6 24. Bh5 Rg5 25. Bd1 Qxc4 26. Rxb6 Bb4 27. Ba4+ Kf8 28. Rc6 Rc5 29. Qxh6+ Ke7 30. Nd5+ exd5 31. Qxf6+ Kf8 32. Qh8+ 1/2-1/2

[Event "GER-ch60 V02 email"]
[Site "GER email"]
[Date "2010.??.??"]
[Round "?"]
[White "Kollowa, Kurt"]
[Black "Mathias, Manfred"]
[Result "1/2-1/2"]
[WhiteElo "1957"]
[BlackElo "2022"]
[PlyCount "52"]
[EventDate "2011.??.??"]
[EventType "tourn (corr)"]
[EventRounds "6"]
[EventCountry "GER"]
[SourceTitle "Corr 2015"]
[Source "ChessBase"]
[SourceDate "2015.07.17"]
[SourceVersion "1"]
[SourceVersionDate "2015.07.17"]
[SourceQuality "1"]

1. d4 Nf6 2. c4 e6 3. Nc3 Bb4 4. Qc2 0-0 5. a3 Bxc3+ 6. Qxc3 b6 7. g3 Bb7 8. Nf3 d5 9. Bg2 Nbd7 10. b4 a5 11. c5 Ne4 12. Qb2 axb4 13. axb4 Rxa1 14. Qxa1 Qa8 15. Qb2 bxc5 16. dxc5 Ba6 17. Nd4 Rb8 18. 0-0 Ndxc5 19. Bf4 Na4 20. Qa3 Nec3 21. Rc1 Bxe2 22. Rxc3 Nxc3 23. Qxc3 Bc4 24. h4 Rb7 25. Kh2 Qf8 26. b5 Qe8 1/2-1/2

[Event "GER-ch45 final email"]
[Site "GER email"]
[Date "2009.??.??"]
[Round "?"]
[White "Reinecke, Rudolf"]
[Black "Kollowa, Kurt"]
[Result "1-0"]
[WhiteElo "2185"]
[BlackElo "2052"]
[PlyCount "47"]
[EventDate "2009.??.??"]
[EventType "tourn (corr)"]
[EventRounds "10"]
[EventCountry "GER"]
[SourceTitle "Corr 2011"]
[Source "ChessBase"]
[SourceDate "2010.08.31"]
[SourceVersion "1"]
[SourceVersionDate "2010.08.31"]
[SourceQuality "1"]

1. d4 Nf6 2. Nf3 e6 3. c4 d5 4. Nc3 c6 5. e3 Nbd7 6. Bd3 Bd6 7. e4 dxe4 8. Nxe4 Nxe4 9. Bxe4 c5 10. 0-0 Qc7 11. Bc2 0-0 12. dxc5 Nxc5 13. b4 Nd7 14. Bb2 Nf6 15. Qd4 Bf4 16. g3 e5 17. Qc3 e4 18. Bxe4 Bh6 19. Bd3 Bh3 20. Rfe1 Rfe8 21. Rxe8+ Rxe8 22. Re1 Rc8 23. c5 Qc6 24. Re7 1-0